01429nam a2200217 4500008004100000020001500041041000800056092001700064100003100081245005300112250005400165260004400219300001100263500009500274505053500369590006100904655002100965942001300986999001500999952019701014180523s2003 mx |||gr|||| 000 f s d a9706663916 aspa c808l56sNIE1 aNietzsche, Friedrich93310 3aEl anticristo.bEcce homo /cFriedrich Nietzsche a1a ed.bTraducción Roberto Mares y Luis Rutiaga aMéxico:bGrupo Editorial Tomo;c2003. a207 p. aNietzsche, F. (2003). El anticristo. Ecce homo. (1a ed.). México : Grupo Editorial Tomo. aFriedrich Nietzsche (1844-1900), nació en Rocken y fue hijo de un pastor protestante. Estudió inicialmente en Naumburgo y más tarde siguió la carrera de Filología Clásica en las universidades de Bonn y Liepzig. Durante su juventud mostró interés por la música, pero más tarde se dedicó de lleno a la filosofía y a la literatura. La influencia de Friedrich Nietzsche sobre la filosofía de los dos siglos pasados ha sido enorme. Su obra ataca las teorías tradicionales, tanto filosóficas como morales.  aProyecto 4to libro, donación Victoria Lara, mayo 2018. aLiteratura92917 2ddccLIT c2763d2763 00102ddc4070aBFMbBFMcCRd2018-05-23eDonación Victoria Lara, mayo 2018l0o808 56 NIEp4307r2018-05-23tEj. 1w2018-05-23yLITzProyecto 4to libro. Donación Victoria Lara, mayo 2018